<?xml version="1.0" encoding="UTF-8"?>
<marc:record xmlns:marc="http://www.loc.gov/MARC21/slim">
   <marc:leader>00000nam a2200000 a 4500</marc:leader>
   <marc:datafield ind1="1" ind2=" " tag="100">
      <marc:subfield code="a">Mulcahy, Russell</marc:subfield>
      <marc:subfield code="4">drt</marc:subfield>
      <marc:subfield code="e">Regisseur/-in</marc:subfield>
   </marc:datafield>
   <marc:datafield ind1="0" ind2="0" tag="245">
      <marc:subfield code="a">Teen Wolf: Die komplette vierte Staffel [Bildtonträger]</marc:subfield>
   </marc:datafield>
   <marc:datafield ind1=" " ind2="1" tag="264">
      <marc:subfield code="a">Ahrensfelde</marc:subfield>
      <marc:subfield code="b">Capelight Pictures</marc:subfield>
   </marc:datafield>
   <marc:datafield ind1="1" ind2=" " tag="490">
      <marc:subfield code="a">Teen Wolf</marc:subfield>
      <marc:subfield code="v">4</marc:subfield>
   </marc:datafield>
   <marc:datafield ind1="1" ind2=" " tag="520">
      <marc:subfield code="a">Zurück an der Highschool plagen Scott, Stiles, Lydia und Kira eher menschliche als übernatürliche Sorgen. Ihre tragischen Verluste noch nicht vollkommen verarbeitet, versuchen sie, ihrer neuen Freundin Malia dabei zu helfen, sich wieder in die Gesellschaft zu integrieren. Doch als Kate Argent plötzlich wiederaufersteht, wird Beacon Hills von einer neuen Bedrohung heimgesucht. Denn mit ihr taucht ein neuer mysteriöser Feind auf, den alle nur den "Benefactor" nennen.</marc:subfield>
   </marc:datafield>
   <marc:datafield ind1="1" ind2=" " tag="521">
      <marc:subfield code="a">FSK ab 16 freigegeben</marc:subfield>
   </marc:datafield>
   <marc:datafield ind1="1" ind2=" " tag="521">
      <marc:subfield code="a">16</marc:subfield>
   </marc:datafield>
   <marc:datafield ind1=" " ind2=" " tag="338">
      <marc:subfield code="a">Videodisk</marc:subfield>
   </marc:datafield>
   <marc:datafield ind1=" " ind2=" " tag="300">
      <marc:subfield code="a">4 DVDs</marc:subfield>
   </marc:datafield>
</marc:record>
